| 000 | 00869nam a2200277 i 4500 | ||
|---|---|---|---|
| 001 | 000044237 | ||
| 003 | DO-SdBNP | ||
| 005 | 20260518150852.0 | ||
| 007 | ta | ||
| 008 | 140610s2010 dr 001 0 spa d | ||
| 020 | _a9789945454277 | ||
| 040 |
_aDO-SdBNP _bspa _cBNPHU _erda |
||
| 041 | _hspa | ||
| 082 | 4 |
_axxx _bA989s _222 |
|
| 100 | 1 |
_aAyuso, Juan José, _eautor _4aut. _914332 |
|
| 245 | 1 | 3 |
_aEl sargento douglas lucas : _brevolución constitucionalista y guerra patria de abril de 1965 / _cJuan José Ayuso. |
| 264 | 1 |
_aSanto Domingo, D.N. : _bEditora Manatí, _c2010. |
|
| 300 |
_a253 páginas : _bilustraciones retratos ; _c24 cm. |
||
| 336 |
_atexto _btxt _2rdacontent |
||
| 337 |
_asin mediación _bn _2rdamedia |
||
| 338 |
_avolumen _bnc _2rdacarrier |
||
| 500 | _aIncluye índice | ||
| 590 | _aInventariado, 2025/DG | ||
| 910 | _aDG | ||
| 942 |
_2ddc _cLBS1 |
||
| 999 |
_c43726 _d43726 |
||